Gaming Quiz

Random Gaming Quiz

Supaplex - Original Levels Quiz Stats

 Plays Quiz not verified by Sporcle

Score 0/111 Timer 15:00
0 Plays Today
% Correct
Exit
87.7%
Collector
86%
Stone-age
82.5%
Down They Fall
82.5%
Minotaurus
82.5%
200 Moving Objects
82.5%
Vice
82.5%
Versa
82.5%
Warm up
78.9%
One
78.9%
Easy Deal
77.2%
Brainman
77.2%
Anonymous
75.4%
Chaos
75.4%
Quicky
73.7%
Ready-Steady-Go
71.9%
Run For Life
70.2%
Crazy Harry
70.2%
Easy Rider
70.2%
Bombastic
70.2%
Bang
68.4%
Bug Funny
66.7%
Gravity
66.7%
Inside-Outside-Inside
66.7%
Push
66.7%
Island Hopper
66.7%
Head-Hunter
66.7%
Just Do It
64.9%
Up and Down
64.9%
Once Around
64.9%
Tnt
64.9%
Easy Come, Easy Go
63.2%
Fall Out
63.2%
Bomb Time
63.2%
Corner Confusion
63.2%
Yawn
61.4%
Chamber-Music
61.4%
% Correct
Fall-Festival
61.4%
Iq
61.4%
Go Through
59.6%
Einstein's Favourite
56.1%
Find the Way
56.1%
Hurry Up
54.4%
Time-Runner
52.6%
Looks Difficult
52.6%
Sadism
52.6%
One Way
50.9%
Flip and Flop
50.9%
One's Missing
50.9%
One Thing...
49.1%
Anti-Clockwise
49.1%
Tough but Possible
49.1%
Nice
49.1%
All the Family
47.4%
Good Job
47.4%
Ignore Them
45.6%
Pathfiner
45.6%
Mind the Stones
43.9%
The Eldritch
43.9%
All that Fuss
43.9%
Get Those Too
42.1%
Phil's First
42.1%
Little Detail
42.1%
Don't Worry
40.4%
Ham and Cheese Sandwich
38.6%
Time to Open
36.8%
Nearly Boring
36.8%
See you Tomorrow
36.8%
Mixed Salad
36.8%
Watch Out
36.8%
Keep Cool
35.1%
Get them Out
35.1%
Baba's Work
33.3%
Gumbo
31.6%
% Correct
Joystick-Handling
31.6%
No Miracle
29.8%
Telepathy
28.1%
Don't Waste Them
28.1%
Trouble Ahead
28.1%
Inspin-Outspin
26.3%
Triple Fork
26.3%
Pre-Ignition
24.6%
Those we Like
22.8%
Upstairs-Downstairs
22.8%
No Problem
21.1%
Simple
21.1%
Easy Work
21.1%
Good Luck
21.1%
Easy Business
19.3%
Little Pleasure
19.3%
All Together
19.3%
Tough Going
19.3%
Community Work
19.3%
Voyager 3
19.3%
Fill In
17.5%
Diagonal
17.5%
Fun-Tastic
17.5%
There you Go
15.8%
A Pro's Work
15.8%
Crash
15.8%
State of Mind
14%
Time is Info
14%
Know That?
12.3%
Timing
12.3%
Cracker
12.3%
On-off
12.3%
Do it Yourself
10.5%
Know-How
10.5%
Transport It
8.8%
Classic Entertainment
8.8%
Sub-Effects
8.8%

You're not logged in!

Compare scores with friends on all Sporcle quizzes.
OR
Log In

Show Comments

Extras

Created Oct 27, 2010ReportNominate
Tags:level, original

Top Quizzes Today


Score Distribution

Your Account Isn't Verified!

In order to create a playlist on Sporcle, you need to verify the email address you used during registration. Go to your Sporcle Settings to finish the process.

Report this User

Report this user for behavior that violates our Community Guidelines.

Details: